History Quiz

Random History or Europe Quiz

European History Figures Match-Up Quiz Stats

Quiz Updated Sep 17, 2014

Challenge
Share
Tweet
Score 0/35 Timer 05:00
2 Plays Today
% Correct
Winston
98.7%
Napoleon
98.6%
Karl
97.5%
Isaac
97.2%
Marco
96.3%
Marie
95.6%
Benito
95.2%
Martin
94.8%
Salvador
94.4%
Vladimir
90.1%
Oliver
89.8%
Amerigo
80.7%
Slobodan
76.3%
Hernán
73.5%
Niccolò
73.2%
Horatio
73%
Erwin
71.3%
Mata
70.5%
% Correct
Lech
69.9%
Dmitri
67.4%
Lucrezia
63.6%
Giuseppe
63%
Søren
62.5%
Peter Paul
60.2%
Guglielmo
52.6%
Albrecht
52.4%
Tycho
48.6%
Gustavus
47.5%
Antoni
44.5%
François
44.5%
Scipio
44.2%
Desiderius
43.9%
Jan
39.3%
Leni
38.1%
Sweyn
33.5%

You're not logged in!

Compare scores with friends on all Sporcle quizzes.
Join for Free
OR
Log In

You Might Also Like...

Show Comments

Extras

Top Quizzes Today


Score Distribution

Your Account Isn't Verified!

In order to create a playlist on Sporcle, you need to verify the email address you used during registration. Go to your Sporcle Settings to finish the process.

Report this User

Report this user for behavior that violates our Community Guidelines.

Details: